| 000 | 01888na a2200457 4500 | ||
|---|---|---|---|
| 001 | 14821 | ||
| 003 | MIRAKIL | ||
| 005 | 20181213154944.0 | ||
| 008 | 161107b tu 000 0 | ||
| 035 | _a14821 | ||
| 040 |
_aMilas _btur _cTR-AnCHP |
||
| 041 | _atur | ||
| 082 |
_aCHP 303.372 _bC36ö 2013 |
||
| 090 | _aCHP 303.372 C36ö 2013 | ||
| 110 |
_aCumhuriyet Halk Partisi (CHP) _bİletişim Tanıtım ve Medya ile İlişkiler Genel Başkan Yardımcılığı |
||
| 245 |
_aÖteki Türkiye _bEmek ve şiddet : geride kalan, saklanan, unutulan, görünmeyen... _cCHP İletişim Tanıtım ve Medya ile İlişkiler Genel Başkan Yardımcılığı; editör Gizem Karslı |
||
| 246 | _aEmek ve şiddet | ||
| 246 | _aGeride kalan, saklanan, unutulan, görünmeyen... | ||
| 260 |
_aAnkara _bCHP _c2013 |
||
| 300 |
_a91 s. _brnkl. res. _c30 sm. |
||
| 490 | _aCumhuriyet Halk Partisi yayınları | ||
| 500 | _aKaynakça var. | ||
| 600 |
_aTekin, Gürsel _cCHP İletişim Tanıtım ve Medya ile İlişkiler Genel Başkan Yardımcısı _xSosyal gruplar _yRaporlar |
||
| 610 |
_aCHP _xLGBT _yRaporlar |
||
| 610 |
_aCHP _xSosyal adalet _yİktidar eleştirisi |
||
| 610 |
_aCHP _xİşçiler _yRaporlar |
||
| 610 |
_aCHP _xSuriyeli sığınamcılar _yRaporlar |
||
| 610 |
_aCHP _xKadın cinayetleri _yRaporlar |
||
| 610 |
_aCHP _xÇocuk işçiler _yRaporlar |
||
| 610 |
_aCHP _xSosyal gruplar _yRaporlar |
||
| 650 |
_aSosyal adalet _xİktidar eleştirisi _zTürkiye |
||
| 650 |
_aSosyal gruplar _xHak ve özgürlükler _yRaporlar _zTürkiye |
||
| 657 | _aSosyal adalet arayışı | ||
| 657 | _aGüvensiz çalışma koşulları | ||
| 657 | _aÖtekiler | ||
| 700 | _aKarslı,Gizem | ||
| 740 | _aEmek ve şiddet | ||
| 810 |
_aCumhuriyet Halk Partisi (CHP) _bİletişim Tanıtım ve Medya ile İlişkiler Genel Başkan Yardımcılığı |
||
| 830 | _aCHP yayınları | ||
| 942 |
_2ddc _cBKS |
||
| 999 |
_c3808 _d3808 |
||